000 00549nam a2200133Ia 4500
008 180921t xxu||||| ||||o00| 0 eng d
041 _aeng
080 _aThe Ordinances Of Ceylon 1946
245 _aordinance No.12 of 1946. L.D.-O. 25/45. M.L.A.-BA.633.An ordinance To Enable Local Authorities To Impose And Levy A Tax on Payments For Admission To Public Entertainments Held Within Their Administrative Areas.[ Date of Governor's Assent : May 23,1946.] [
300 _a23 cm
942 _cBK
999 _c49673
_d49673
003 LK-CoDNM
040 _aLK-CoDNM
_dLK-CoDNM
_eLK-CoDNM